000 01128nam a2200373Ia 4500
003 OSt
005 20220912144702.0
006 a|||||r|||| 00| 0
007 ta
008 220909b |||||||| |||| 00| 0 eng d
020 _a9781118092422 (pbk)
020 _aSL01560646
024 _a189250
037 _bIN1015, 08/01/2014, New India Book Agency
037 _cTextbook
040 _aCSL
_beng
_cCSL
041 _aeng
082 _aG:6, M4;Q2 TI
100 _aSnustad D Peter; Simmons Michael J
245 0 _aGenetics
250 _a6
260 _aSingapore
_bJohn Wiley
_c2012
300 _axviii,766p. col.ill.
500 _aAppendices 685-719p.; Glossary 720-742p.; Credits 743-745p.; Index 746-766p.
650 _a Cellular reproduction
650 _a Genetics
650 _a Genomics
650 _a Mendelism
650 _aBotany
700 _aSnustad D Peter; Simmons Michael J
942 _hG:6, M4;Q2 TI
_cTB
_2CC
999 _c15782
_d15782